000 00797nam a2200253Ia 4500
003 OSt
005 20220923220052.0
006 a|||||r|||| 00| 0
007 ta
008 220922b |||||||| |||| 00| 0 hin d
024 _a183,990
037 _cTextual
040 _aARTS
_cARTS
_bhin
041 _2hin
_ahin
082 _aO152,1NDH:g, M0
100 _aअग्रवाल, मंजु
_9156275
245 0 _aधूमिल
_b काव्य यात्रा
246 _aDhūmila: kāvya yātrā
260 _aकानपुर
_b ग्रंथम
_c1980
300 _a159 पृ.
_ccm.
650 _aहिन्दी साहित्य
_9156264
942 _hO152,1NDH:g, M0
_cTEXL
_2CC
999 _c337289
_d337289